| Tag |
First Indicator |
Second Indicator |
Subfields |
| LEADER |
00000cam a2200000 a 4500 |
| 001 |
in00000090629 |
| 005 |
20151008065725.0 |
| 008 |
811215s1980 flua 00000 eng d |
| 035 |
|
|
|a (OCoLC)07996615
|
| 035 |
|
|
|9 AAK6466AM
|
| 040 |
|
|
|a SPI
|c SPI
|d TXA
|d UtOrBLW
|
| 049 |
|
|
|a TXAM
|c [1482222]
|
| 090 |
|
|
|a TL686 C4
|b A4
|
| 092 |
|
|
|a 629.134
|b ALL
|
| 245 |
0 |
0 |
|a All those Cessna 150's :
|b 17 years of owner's manuals from 1959- 60 through 1977 : including type certification data /
|c compiled by National Flightshops.
|
| 264 |
|
1 |
|a St. Petersburg, Fla. :
|b National Flightshops,
|c [1980?]
|
| 300 |
|
|
|a 1 volume (various pagings) :
|b illustrations ;
|c 29 cm.
|
| 336 |
|
|
|a text
|b txt
|2 rdacontent
|
| 337 |
|
|
|a unmediated
|b n
|2 rdamedia
|
| 338 |
|
|
|a volume
|b nc
|2 rdacarrier
|
| 650 |
|
0 |
|a Cessna aircraft.
|
| 650 |
|
0 |
|a Cessna 150 (Private plane)
|x Maintenance and repair
|x Handbooks, manuals, etc.
|
| 650 |
|
0 |
|a Cessna 150 (Private plane)
|x Design and construction.
|
| 710 |
2 |
|
|a National Flightshops.
|
| 999 |
|
|
|a MARS
|
| 999 |
f |
f |
|s 8ffc48ff-d8f7-3e9b-a619-374f1f6f6e0b
|i f45e5d76-0230-3193-a4e2-d858e284f65b
|t 0
|
| 952 |
f |
f |
|p ric
|a Texas A&M University
|b Rellis Campus
|c Joint Library Facility
|d Remote Storage
|t 0
|e TL686 C4 A4
|h Library of Congress classification
|i unmediated -- volume
|m A14805992542
|
| 998 |
f |
f |
|a TL686 C4 A4
|t 0
|l Remote Storage
|